00448nam a22001337a 450000500170000004100080001708200190002510000200004424501140006426000400017830000240021865000270024265000450026920260227134422.0 aeng a323.15475bSHA aShah, Ghanshyam aCaste Association and Political Process in Gujarat:bA Study of Gujarat Kshatriya Sabha / cby Ghanshyam Shah aBombay,bPopular Prakashan,cc1975. aix, 218p. ;c22 cm. aCastexIndia, Gujarat. aPolitical ParticipationxIndia, Gujarat.